Historia del arte de la Antigüedad

Spremljeno u:
Bibliografski detalji
Glavni autor: Winckelmann, Johann Joachim (Autor)
Format: Knjiga
Jezik:španjolski
Izdano: Madrid Akal 2011
Serija:Akal Fuentes de Arte, 28
Teme:
Oznake: Dodaj oznaku
Bez oznaka, Budi prvi tko označuje ovaj zapis!

MARC

LEADER 00000cam a2200000 a 4500
001 UCF2033
003 CL-VaPUC
008 120802e20110000SP |||||||||||||||||spa|d
020 |a 9788446030614 
082 0 4 |a 700.9  |b WIN  |2 21 
100 0 |a Winckelmann, Johann Joachim  |e author  |9 563614 
245 1 0 |a Historia del arte de la Antigüedad 
300 |a 218 p 
942 |c BK 
945 |d 20120802 00:00:00  |a dcastane 
260 |a Madrid  |b Akal  |c 2011 
650 0 |a Arte antiguo  |9 330766 
650 0 |a Historia del arte  |9 314877 
583 |a last modification  |c 20120802 10:35:00  |k Rodrigo Vera 
490 0 |a Akal Fuentes de Arte, 28 
999 |c 348706  |d 348704 
952 |0 0  |1 0  |4 0  |6 700_900000000000000_WIN_2011  |7 0  |8 R  |9 450845  |a BIBART  |b BIBART  |d 2019-11-22  |i 4883268  |o 700.9 WIN 2011  |p 4883268  |r 2025-03-13  |w 2019-11-22  |y BK_R  |k ART 
952 |0 0  |1 0  |3 erd  |4 0  |6 700_900000000000000_WIN_2011  |7 0  |8 A  |9 450846  |a BIBHIS  |b BIBHIS  |i 5268230  |l 3  |m 1  |o 700.9 WIN 2011  |p 5268230  |r 2025-01-20  |s 2023-11-10  |w 2019-11-22  |y BK  |z Catalogado en:20160324  |k HIS